Liberalizing Capital Flows and Managing Outflows.

This is the fourth in a series of Board papers developing a comprehensive Fund view on capital flows and the policies that affect them. A first paper in December 2010 dealt with the Fund's overall role in this area, both historically and prospectively. The second paper in March 2011 developed a...

Descripción completa

Detalles Bibliográficos
Autor Corporativo: International Monetary Fund
Formato: Revista
Lenguaje:English
Publicado: Washington, D.C. : International Monetary Fund, 2012.
Colección:Policy Papers; Policy Paper ; No. 2012/013
Acceso en línea:Full text available on IMF
LEADER 01728cas a2200241 a 4500
001 AALejournalIMF020367
008 230101c9999 xx r poo 0 0eng d
020 |c 5.00 USD 
020 |z 9781498340854 
022 |a 2663-3493 
040 |a BD-DhAAL  |c BD-DhAAL 
110 2 |a International Monetary Fund. 
245 1 0 |a Liberalizing Capital Flows and Managing Outflows. 
264 1 |a Washington, D.C. :  |b International Monetary Fund,  |c 2012. 
300 |a 1 online resource (48 pages) 
490 1 |a Policy Papers 
500 |a <strong>Off-Campus Access:</strong> No User ID or Password Required 
500 |a <strong>On-Campus Access:</strong> No User ID or Password Required 
506 |a Electronic access restricted to authorized BRAC University faculty, staff and students 
520 3 |a This is the fourth in a series of Board papers developing a comprehensive Fund view on capital flows and the policies that affect them. A first paper in December 2010 dealt with the Fund's overall role in this area, both historically and prospectively. The second paper in March 2011 developed a framework for policy advice on managing capital inflows broadly endorsed by the Board, which constitutes a first round articulation of the Fund's institutional views on managing capital inflows. The third paper in November 2011 examined the multilateral aspects of policies affecting capital flows, and focused mainly on source country policies. This paper covers liberalizing capital flows and the management of outflows. 
538 |a Mode of access: Internet 
830 0 |a Policy Papers; Policy Paper ;  |v No. 2012/013 
856 4 0 |z Full text available on IMF  |u http://elibrary.imf.org/view/journals/007/2012/013/007.2012.issue-013-en.xml  |z IMF e-Library